[Event "Staraya Mayna Sidorov Cup"]
[Site "Staraya Mayna"]
[Date "2018.07.12"]
[Round "5"]
[White "Markelov, Aleksey"]
[Black "Frolova, Marina"]
[Result "0-1"]
[WhiteElo "1255"]
[BlackElo "1806"]
[PlyCount "74"]
[EventDate "2018.07.10"]
[EventType "swiss"]
[EventRounds "9"]
[EventCountry "RUS"]
[SourceTitle "EXT 2019"]
[Source "ChessBase"]
[SourceDate "2018.10.10"]
[SourceVersion "1"]
[SourceVersionDate "2018.10.10"]
[SourceQuality "1"]

1. d4 f5 2. c4 Nf6 3. e3 e6 4. Nc3 d5 5. Bd3 c6 6. Nge2 Bd6 7. 0-0 0-0 8. f4 Ne4 9. c5 Be7 10. b3 Nd7 11. Bb2 Ndf6 12. Nxe4 fxe4 13. Bc2 Qe8 14. Ng3 Qg6 15. Qe2 Bd7 16. b4 h5 17. Qf2 Ng4 18. Qe1 Bh4 19. a3 Nh6 20. Bd1 Be8 21. Bxh5 Qxh5 22. Nxh5 Bxe1 23. Nxg7 Kxg7 24. Raxe1 Bg6 25. h3 Nf5 26. g4 Nh4 27. Kf2 Rh8 28. Kg3 Nf3 29. Re2 Rh7 30. Ref2 Rah8 31. Rh1 Kf7 32. a4 Bf5 33. g5 Rxh3+ 34. Rxh3 Rxh3+ 35. Kg2 Rh2+ 36. Kf1 Rh1+ 37. Kg2 Rg1# 0-1